000 01046nam a2200289Ia 4500
001 G3954
003 IT-RoPAU
008 130308s9999 xx 000 0 und d
040 _aIT-RoPAU
040 _cIT-RoPAU
041 _aFRANCESE
100 _aMarc Edmond
100 _gCodice Aut. SPICS: 21544
245 _aFace-A-Face et ses enjeux (Le)
245 _bCommunication (La). Etat des Savoirs
250 _a1a ed.
260 _aAUXERRE
260 _bSciences Humaines
260 _c1999 [1° Ed.:1999 - Ed.Ling.Originale:1999]
300 _a"6 p. (prefazione: no ; testo: 6 [pagine: 119-124])"
500 _aSi Definisce Sovente la Comunicazione Come Trasmissione D'Informazioni. Maquesta Visione è troppo Ristretta. Noi Comunichiamo Anche per Annodare Relazioni, per Dividere Emozioni e Sentimenti, per Agire Sugli Altri, per Confortare la nostra Identità e quella degli Altri.
650 _aENCICLOPEDIE DELLA COMUNICAZIONE SOCIALE
650 _eCodice materia Spics: 3801
942 _cBK
957 _71
999 _c79446
_d79446
999 _g1